000 00600nam a2200229Ia 4500
003 OSt
005 20220928130339.0
006 a|||||r|||| 00| 0
007 ta
008 220927b |||||||| |||| 00| 0 eng d
024 _a48565
037 _cTextual
040 _aSDCL
_cSDCL
_beng
041 _2eng
_aeng
082 _aV5'N5, H7
100 _aGrant A J
_9473626
245 0 _aEurope
_b The story of the last five centuries.
260 _aLondon
_bLongmans
_c1947
300 _axx,953p.
_ccm.
942 _hV5'N5, H7
_cTEXL
_2CC
999 _c786205
_d786205